| 000 | 005640000a22001210004500 | ||
|---|---|---|---|
| 100 | 1 | _aCoperías, Enrique M. | |
| 245 | 1 | 0 | _aVerdades y mentiras de los masajes. |
| 300 | _aVol.12, no.145 (2000), p. 58-63 | ||
| 520 | _aLa busqueda de medicinas alternativas ha hecho que los masajes se pongan de moda. De ahi que las investigaciones realizadas en este campo empiezan a desvelar los mecanismos fisiológicos por los que un buen masaje relaja, estimula y contribuye a curar numerosas dolencias. | ||
| 650 | 1 | 4 | _aSALUD |
| 773 | 0 | _tRevista muy interesante | |
| 942 | _cANA | ||
| 999 |
_c63145 _d63145 |
||